[Event "Reykjavik op"]
[Site "Reykjavik"]
[Date "1990.??.??"]
[Round "11"]
[White "Makarichev, Sergey"]
[Black "Benjamin, Joel"]
[Result "1/2-1/2"]
[WhiteElo "2510"]
[BlackElo "2530"]

1.e4 c5 2.Nf3 Nc6 3.Bb5 e6 4.O-O Nge7 5.Re1 Nd4 6.Nxd4 cxd4 7.c3 a6 8.Qa4 Rb8
9.Bf1 Nc6 10.cxd4 b5 11.Qd1 Nxd4 12.d3 g6 13.Bf4 d6 14.Nd2 Bg7 15.Nb3 O-O
16.Rc1 a5 17.Nxd4 Bxd4 18.Qd2 Qb6 19.Be3 e5 20.Bxd4 Qxd4 21.Qxa5 b4 22.Qd5 Qxd5
23.exd5 Bb7 24.d4 exd4 25.Bc4 Rfc8 26.Red1 Rc5 27.Rxd4 Rbc8 28.Kf1 Bxd5 29.b3 R8c6
30.Rc2 Be6 31.Rcd2 Bxc4+ 32.bxc4 Rxc4 33.Rxc4 Rxc4 34.Rxd6 Rc2 35.Rd4 Rb2
36.Ke1 Kf8 37.Rd2 Rb1+ 38.Ke2 b3  1/2-1/2

[Event "Stockholm"]
[Site "Stockholm"]
[Date "1990.??.??"]
[Round "?"]
[White "Benjamin, Joel"]
[Black "Wessman, Richard"]
[Result "1/2-1/2"]
[WhiteElo "2560"]
[BlackElo "2500"]

1.c4 f5 2.Nc3 Nf6 3.d4 e6 4.Nf3 Bb4 5.Qb3 a5 6.Bg5 O-O 7.e3 Qe8 8.Bxf6 Rxf6
9.Be2 b6 10.O-O Bxc3 11.Qxc3 Bb7 12.Ne5 d6 13.Bf3 Bxf3 14.Nxf3 Nd7 15.Rad1 Qh5
16.Rfe1 Rg6 17.Nd2 Qh3 18.g3 Nf6 19.Nf1 Ne4 20.Qc2 Ng5 21.Qe2 Rf8 22.f4 Ne4
23.Qg2 Qg4 24.Nd2 Nxd2 25.Rxd2 h5 26.Kf2 h4 27.Qf3 Qh3 28.Qg2 Qg4  1/2-1/2

[Event "Stockholm"]
[Site "Stockholm"]
[Date "1990.??.??"]
[Round "?"]
[White "Benjamin, Joel"]
[Black "Hellers, Ferdinand"]
[Result "1/2-1/2"]
[WhiteElo "2560"]
[BlackElo "2520"]

1.d4 Nf6 2.Nf3 e6 3.g3 b5 4.Bg2 Bb7 5.O-O c5 6.c3 Na6 7.Bg5 Be7 8.Nbd2 O-O
9.e3 h6 10.Bxf6 Bxf6 11.Qe2 Qb6 12.a4 b4 13.a5 Qc7 14.Rfc1 bxc3 15.bxc3  1/2-1/2

[Event "Stockholm"]
[Site "Stockholm"]
[Date "1990.??.??"]
[Round "?"]
[White "Wedberg, Tom"]
[Black "Benjamin, Joel"]
[Result "1-0"]
[WhiteElo "2480"]
[BlackElo "2560"]

1.e4 e5 2.Nf3 Nc6 3.Bb5 Nf6 4.O-O Nxe4 5.d4 Nd6 6.Bxc6 dxc6 7.dxe5 Nf5 8.Qxd8+ Kxd8
9.Nc3 h6 10.h3 Be6 11.b3 Kc8 12.Bb2 b6 13.g4 Ne7 14.Nd4 g5 15.f4 gxf4 16.Nxe6 fxe6
17.Rxf4 Nd5 18.Nxd5 cxd5 19.Raf1 Kb7 20.Kg2 Be7 21.Rf7 Bh4 22.Ba3 h5 23.Rg7 hxg4
24.hxg4 Rag8 25.Rff7 Rxg7 26.Rxg7 Kc6 27.g5 d4 28.Be7 Kd5 29.Bf6 Ke4 30.g6 Rh6
31.Bxh4 Rxh4 32.Kg3 Rh1 33.Kg4 Kxe5 34.Rf7 Rg1+ 35.Kh5 Rh1+ 36.Kg5 Kd6 37.g7 Rg1+
38.Kh6 Rh1+ 39.Kg6 Rg1+ 40.Kh7 Rh1+ 41.Kg8 Rg1 42.Kf8 e5 43.g8=Q Rxg8+ 44.Kxg8 e4
45.Kg7 a5 46.Kf6 d3 47.cxd3 exd3 48.Rf8 Kd5 49.Kf5 Kd4 50.Kf4  1-0

[Event "Stockholm"]
[Site "Stockholm"]
[Date "1990.??.??"]
[Round "?"]
[White "Benjamin, Joel"]
[Black "Karlsson, Lars"]
[Result "1-0"]
[WhiteElo "2560"]
[BlackElo "2495"]

1.e4 e6 2.d4 d5 3.Nc3 Bb4 4.e5 c5 5.a3 Ba5 6.b4 cxd4 7.Nb5 Bc7 8.f4 Nc6 9.Nxc7+ Qxc7
10.Bd3 Nh6 11.Nf3 Nf5 12.Bb2 Bd7 13.Qe2 a6 14.O-O Ne3 15.Rfc1 Nf5 16.Qf2 O-O
17.c3 dxc3 18.Rxc3 Qd8 19.Re1 d4 20.Rc5 Nce7 21.g4 Nh6 22.h3 Bb5 23.Bxb5 axb5
24.Nxd4 b6 25.Rc3 Nd5 26.Rf3 Qd7 27.f5 Rfe8 28.Rf1 Nc7 29.Qh4 Qd5 30.f6 Qxe5
31.fxg7 Qxg7 32.g5 e5 33.Rg3 Ng4 34.Nf5 Qf8 35.Qxg4 Ne6 36.Nh6+  1-0

[Event "Toronto1"]
[Site "Toronto"]
[Date "1990.??.??"]
[Round "1"]
[White "Piasetski, Leon David"]
[Black "Benjamin, Joel"]
[Result "0-1"]
[WhiteElo "2415"]
[BlackElo "2530"]

1.c4 g6 2.Nc3 Bg7 3.g3 e5 4.Bg2 d6 5.b4 Nf6 6.b5 a6 7.a4 axb5 8.cxb5 O-O
9.Nf3 e4 10.Nd4 Nbd7 11.O-O Nc5 12.Ba3 Re8 13.Qc2 Qe7 14.e3 Qe5 15.f3 exf3
16.Rxf3 Nfe4 17.Nxe4 Qxe4 18.Rxf7 Qxc2 19.Rxg7+ Kxg7 20.Nxc2 Rxa4 21.Nb4 Kh6
22.Nd5 Nb3 23.Ra2 Nxd2 24.Nxc7 Rxe3 25.Bxd6 Rxa2 26.Bf4+ g5 27.Bxe3 Nc4 28.Bc5 Ra1+
29.Kf2 Ra2+ 30.Kg1 Ne5 31.Bd4 Ng4 32.h3 Rd2 33.Bb6 Rd1+ 34.Bf1 Nf6 35.g4 Ne4
36.Kg2 Rd2+ 37.Kf3 Rd6 38.Kxe4 Rxb6 39.Ke5 Bd7 40.Nd5 Re6+ 41.Kd4 Re1 42.Bc4 Be6
43.Kc5 Rc1 44.Nb6 Kg7 45.Kb4 Kf6 46.Bxe6 Kxe6 47.Nc4 Rh1 48.Na5 b6 49.Nc4 Rxh3
50.Nxb6 Rg3  0-1

[Event "Toronto1"]
[Site "Toronto"]
[Date "1990.??.??"]
[Round "3"]
[White "Vranesic, Zvonko"]
[Black "Benjamin, Joel"]
[Result "0-1"]
[WhiteElo "2335"]
[BlackElo "2530"]

1.d4 Nf6 2.Nf3 g6 3.Bg5 Bg7 4.e3 O-O 5.c4 d5 6.Nc3 Ne4 7.Bf4 Nxc3 8.bxc3 c5
9.Be2 dxc4 10.Bxc4 Qa5 11.Qd2 Nc6 12.O-O Bg4 13.Ne5 Nxe5 14.Bxe5 Bxe5 15.dxe5 b5
16.Bd3 Rad8 17.Qc2 c4 18.Be4 Qa3 19.h3 Bc8 20.f4 Qc5 21.Rae1 Kg7 22.Rf2 f5
23.exf6+ exf6 24.Rd2 Rfe8 25.Rxd8 Rxd8 26.Kf2 Re8 27.g4 a5 28.Bf3 Re7 29.Qd2 Rd7
30.Qc1 b4 31.Rd1 Rxd1 32.Qxd1 bxc3 33.h4 Be6 34.g5 Qb6 35.Kg3 fxg5 36.hxg5 Qxe3
37.Qd6 Qe1+  0-1

[Event "Toronto1"]
[Site "Toronto"]
[Date "1990.??.??"]
[Round "4"]
[White "Benjamin, Joel"]
[Black "Kovacevic, Vlatko"]
[Result "1/2-1/2"]
[WhiteElo "2530"]
[BlackElo "2540"]

1.e4 e5 2.Nf3 Nc6 3.Bb5 g6 4.c3 a6 5.Ba4 d6 6.d4 Bd7 7.O-O Bg7 8.dxe5 dxe5
9.Be3 Nf6 10.Nbd2 O-O 11.h3 Re8 12.b4 Qc8 13.Bb3 Nd8 14.Re1 Nh5 15.a4 Nf4
16.Bc4 b5 17.axb5 axb5 18.Rxa8 Qxa8 19.Bf1 Bc6 20.Qc2 Nfe6 21.Bd3 Nb7 22.Nb3 Nd6
23.Ra1 Qd8 24.Na5 Bd7 25.Bc5 Nf4 26.Bf1 Qf6 27.Nh2 h5 28.Rd1 Rb8 29.c4 bxc4
30.Nxc4 Bf8 31.Ne3 Ra8 32.b5 Rb8 33.b6 Rxb6 34.Bxb6 cxb6 35.Nc4 Nxc4 36.Rxd7 Na5
37.Qc8 Kg7 38.Rd8 Bc5 39.Nf3 Nxh3+ 40.Kh2 Nxf2 41.Rg8+ Kh7 42.Qd8 Qxd8 43.Rxd8 Nxe4
44.Bd3 Nf6 45.Nxe5 Nb7 46.Rb8 Ng4+ 47.Nxg4 Bd6+ 48.Kh1 Bxb8 49.Nf6+ Kg7 50.Nd5 Ba7
51.Ne7 Nc5 52.Bb5 Bb8 53.Nd5 Ne4 54.Nxb6 Ng3+ 55.Kg1 f5 56.Nd5 h4 57.Be8 g5
58.Bc6 g4 59.Be8 Kh6 60.Bd7 Kg5 61.Bc6 Ba7+ 62.Kh2 Ne4 63.Nb4 Nf2 64.Nc2 h3
65.gxh3 Nxh3 66.Ne1 Nf4 67.Nc2 Nd3 68.Kg2 Ne5 69.Bd5 Bb6 70.Ne1 Ba5 71.Nc2 Bc3
72.Ne3 f4 73.Nc2 Nd3 74.Be4 Ne1+ 75.Nxe1 Bxe1 76.Kf1 Bh4 77.Ke2 Kh5 78.Bd5 Be7
79.Kf2 Bc5+ 80.Kg2 Kg5 81.Bc6 Bb4 82.Kf2 Kh4 83.Kg2 Be1 84.Bd5 Bg3 85.Be4 Be1
86.Kf1 Ba5 87.Kg2 Kg5 88.Kf2 Bd8 89.Bc6 Kh6 90.Be4 Bh4+ 91.Ke2  1/2-1/2

[Event "Toronto1"]
[Site "Toronto"]
[Date "1990.??.??"]
[Round "7"]
[White "Marovic, Drazen"]
[Black "Benjamin, Joel"]
[Result "0-1"]
[WhiteElo "2470"]
[BlackElo "2530"]

1.d4 Nf6 2.c4 c5 3.d5 b5 4.cxb5 a6 5.bxa6 g6 6.Nc3 Bxa6 7.Nf3 d6 8.g3 Bg7
9.Bg2 Nbd7 10.O-O Nb6 11.Re1 O-O 12.Bf4 Nh5 13.Bd2 Nc4 14.b3 Nxd2 15.Qxd2 Qa5
16.Rac1 Nf6 17.e4 Nd7 18.Bh3 Ne5 19.Nxe5 Bxe5 20.Nb1 Qb6 21.Qc2 Ra7 22.Nd2 Rfa8
23.a4 Bd4 24.Bf1 Bxf1 25.Kxf1 Rb8 26.Re2 Qb4 27.Kg2 Qb7 28.f3 Qd7 29.Nc4 Rb4
30.Qd3 Qb7 31.Nd2 Ra8 32.Rc2 Rf8 33.Rc4 Rb6 34.a5 Rb5 35.b4 Rxb4 36.Rxb4 Qxb4
37.Nc4 Qa4 38.Rc2 Rb8 39.Qe2 Rb1 40.Ra2 Rg1+ 41.Kh3 Qd7+ 42.g4 h5 43.a6 hxg4+
44.fxg4 f5 45.exf5 e5 46.Qg2 Qh7+ 47.Kg3 gxf5 48.Qxg1 f4+ 49.Kf3 Qd3+ 50.Kg2 Qe4+
51.Kh3 Bxg1 52.Ra3 Qh7+ 53.Kg2 Qxh2+ 54.Kf3 Qf2+ 55.Ke4 Qc2+ 56.Kf3 Qxc4  0-1

[Event "Toronto1"]
[Site "Toronto"]
[Date "1990.??.??"]
[Round "9"]
[White "Kozul, Zdenko"]
[Black "Benjamin, Joel"]
[Result "1-0"]
[WhiteElo "2575"]
[BlackElo "2530"]

1.d4 Nf6 2.Nf3 g6 3.c4 d6 4.Nc3 Bf5 5.h3 Bg7 6.g4 Bc8 7.e4 c5 8.d5 e6 9.Be3 O-O
10.Nd2 Re8 11.Be2 Na6 12.O-O Nc7 13.a4 exd5 14.cxd5 h5 15.Bf4 hxg4 16.hxg4 Nh7
17.Bg3 Ng5 18.Kg2 f5 19.exf5 gxf5 20.Nc4 Bxc3 21.bxc3 Ne4 22.Bf3 Nxg3 23.fxg3 Qf6
24.Qd2 Qg6 25.g5 f4 26.gxf4 Bf5 27.Ne3 Be4 28.Kg3 Re7 29.Ng4 Rf8 30.Bxe4 Rxe4
31.Rae1 Kg7 32.Rxe4 Qxe4 33.Re1 Qxd5 34.Qh2 Rh8 35.Qb2 Qd3+ 36.Re3 Qd1 37.c4+ Kg8
38.Nh6+ Rxh6 39.gxh6 Qg1+ 40.Kf3 Kf7 41.Qg7+ Qxg7 42.hxg7 Na8 43.Re8  1-0

[Event "Toronto1"]
[Site "Toronto"]
[Date "1990.??.??"]
[Round "11"]
[White "Benjamin, Joel"]
[Black "Vaganian, Rafael A"]
[Result "1/2-1/2"]
[WhiteElo "2530"]
[BlackElo "2605"]

1.d4 Nf6 2.c4 e6 3.Nf3 d5 4.Nc3 Be7 5.Bg5 h6 6.Bh4 O-O 7.e3 b6 8.Rc1 Bb7
9.cxd5 Nxd5 10.Bxe7 Qxe7 11.Be2 Nf6 12.O-O  1/2-1/2

[Event "USA op"]
[Site "USA"]
[Date "1990.??.??"]
[Round "?"]
[White "Benjamin, Joel"]
[Black "Byrne, Robert E"]
[Result "1/2-1/2"]
[WhiteElo "2530"]
[BlackElo "2460"]

1.d4 Nf6 2.c4 g6 3.Nc3 Bg7 4.e4 d6 5.Be2 O-O 6.Nf3 e5 7.O-O Nc6 8.d5 Ne7
9.Nd2 c6 10.b4 a5 11.bxa5 Qxa5 12.Qc2 c5 13.a4 Ne8 14.Nb3 Qd8 15.Bd2 f5 16.f3 Nf6
17.a5 Kh8 18.Na4 Nd7 19.Bd3 f4 20.Rf2 g5 21.g4 Ng6 22.Be1 Bf6 23.h3 Ra6 24.Qd1 Qe8
25.Rb1 Bd8 26.Rfb2 Rf7 27.Nc3 Qf8 28.Nb5 h6 29.Rh2 Rh7 30.Bf2 h5 31.Kh1 Nf6
32.Qg1 Bxa5 33.Nxd6 Qxd6 34.Bxc5 Qd8 35.Nxa5 Qxa5 36.Bb4 Qd8 37.c5 Ra8 38.Bc3 hxg4
39.hxg4 Ra2 40.Rxh7+ Kxh7 41.Ra1 Rxa1 42.Qxa1 Qc7 43.Qa7 Qg7 44.Kg1 Qh6 45.Qa2 Qh3
46.Qh2 Qxh2+ 47.Kxh2 Bd7 48.Kg2 Ba4 49.Kf2 Nd7 50.Bb4 Kg7 51.Ke1 Kf6 52.Kd2 Ne7
53.Be2 Nc8 54.Kc3 Na7 55.Ba5 Bb5 56.Bc4 Ke7 57.Kb4 Bxc4 58.Kxc4  1/2-1/2

[Event "USA op"]
[Site "USA"]
[Date "1990.??.??"]
[Round "?"]
[White "Bisguier, Arthur Bernard"]
[Black "Benjamin, Joel"]
[Result "1/2-1/2"]
[WhiteElo "2390"]
[BlackElo "2530"]

1.d4 Nf6 2.Nf3 d6 3.Nc3 Bg4 4.e4 e6 5.h3 Bh5 6.Bg5 Be7 7.Qe2 c6 8.O-O-O d5
9.Bxf6 Bxf6 10.g4 Bg6 11.Kb1 dxe4 12.Nxe4 Na6 13.Ne5 Bxe4  1/2-1/2

[Event "USA op"]
[Site "USA"]
[Date "1990.??.??"]
[Round "?"]
[White "Schorr, Leon"]
[Black "Benjamin, Joel"]
[Result "0-1"]
[WhiteElo "2235"]
[BlackElo "2530"]

1.d4 Nf6 2.Nf3 d6 3.h3 c5 4.dxc5 Qa5+ 5.Nbd2 Qxc5 6.Nb3 Qc7 7.g3 e5 8.Bg2 Be7
9.O-O Bf5 10.c3 O-O 11.a4 a5 12.Kh2 Nbd7 13.Nbd2 d5 14.Kh1 h6 15.Rg1 Rad8
16.g4 Bg6 17.Qe1 Nc5 18.Bf1 Nfe4 19.Nxe4 Bxe4 20.Bd2 Nb3 21.Rd1 Bc2 22.g5 h5
23.g6 fxg6 24.Bg5 Bxd1 25.Qxd1 Nc5 26.Bxe7 Qxe7 27.Ng5 Rxf2 28.Bg2 e4 29.Qd4 Rf5
30.h4 Ne6  0-1

[Event "National op"]
[Site "Chicago"]
[Date "1991.??.??"]
[Round "4"]
[White "Benjamin, Joel"]
[Black "Burnett, Kevin"]
[Result "1-0"]
[WhiteElo "2555"]
[BlackElo "2295"]

1.d4 Nf6 2.c4 e6 3.Nc3 Bb4 4.e3 c5 5.Bd3 Nc6 6.Ne2 d5 7.cxd5 cxd4 8.exd4 Nxd5
9.Bc2 Be7 10.O-O Bg5 11.Nxd5 exd5 12.Qd3 Bf6 13.Re1 Kf8 14.Ba4 Qa5 15.Nc3 Be6
16.Bxc6 bxc6 17.Bf4 g6 18.Qf3 Kg7 19.Bh6+ Kxh6 20.Qxf6 Qd8 21.Qxd8 Rhxd8
22.Na4 Rab8 23.b3 Rb4 24.Rad1 Kg7 25.Nc5 Kf6 26.f3 Ke7 27.Kf2 Kd6 28.h4 h6
29.g4 Rh8 30.Kg3 Rg8 31.Rd2 Rh8 32.a3 Rb6 33.Rde2 Re8 34.b4 Rbb8 35.Nd3 Rec8
36.Nc5 Re8 37.Nd3 Ra8 38.Ne5 a5 39.Rc2 Rec8 40.Rec1 axb4 41.Rxc6+ Rxc6 42.Rxc6+ Ke7
43.axb4 Rb8 44.Ra6 Ke8 45.Nc6 Rb7 46.Kf4 f6 47.Na5 g5+ 48.Kg3 Re7 49.b5 Kd7
50.Ra7+ Kd6 51.Nb7+ Kc7 52.Nc5+ Kd6 53.Ra6+  1-0

[Event "National op"]
[Site "Chicago"]
[Date "1991.??.??"]
[Round "5"]
[White "Gurevich, Dmitry"]
[Black "Benjamin, Joel"]
[Result "1/2-1/2"]
[WhiteElo "2460"]
[BlackElo "2555"]

1.Nf3 d6 2.d4 Bg4 3.g3 Bxf3 4.exf3 e6 5.c4 Nd7 6.f4 Nb6 7.Nc3 Nf6 8.a4 a5
9.Bg2 Rb8 10.Qe2 Be7 11.O-O O-O 12.b3 d5 13.c5 Nc8 14.f5 exf5 15.Qe5 b6 16.Qxf5 bxc5
17.Nxd5 Nxd5 18.Bxd5 Bf6 19.Bc4 Bxd4 20.Bg5  1/2-1/2

[Event "National op"]
[Site "Chicago"]
[Date "1991.??.??"]
[Round "6"]
[White "Benjamin, Joel"]
[Black "Fishbein, Alexander"]
[Result "0-1"]
[WhiteElo "2555"]
[BlackElo "2465"]

1.d4 Nf6 2.c4 g6 3.Nc3 Bg7 4.e4 d6 5.Nf3 O-O 6.Be2 e5 7.Be3 c6 8.O-O exd4
9.Bxd4 Re8 10.Nd2 Na6 11.Kh1 Nc5 12.f3 a5 13.Nb3 Ne6 14.Be3 a4 15.Nd4 Nxd4
16.Bxd4 c5 17.Bg1 a3 18.b3 Nh5 19.Qd2 Qh4 20.Bf2 Qf4 21.Be3 Qh4 22.Bf2 Qf4
23.Be3 Qh4 24.Kg1 Be5 25.f4 Bxc3 26.Qxc3 Rxe4 27.Bxh5 Qxh5 28.Rad1 Bd7 29.Rxd6 Bc6
30.f5 Rg4 31.Rf2 Qh3 32.Rxc6 bxc6 33.Qe5 Qh4 34.fxg6 Rxg6 35.Qc7 Rg7 36.Qxc6 Rd8
37.g3 h5 38.Qh6 Rd1+ 39.Kg2 Rxg3+  0-1

[Event "New York op"]
[Site "New York"]
[Date "1991.??.??"]
[Round "1"]
[White "Benjamin, Joel"]
[Black "Waitzkin, Joshua"]
[Result "1-0"]
[WhiteElo "2555"]
[BlackElo "2320"]

1.d4 Nf6 2.c4 c5 3.d5 b5 4.cxb5 a6 5.b6 e6 6.Nc3 exd5 7.Nxd5 Nxd5 8.Qxd5 Nc6
9.e4 Be7 10.Bc4 O-O 11.Nf3 Qxb6 12.O-O Bb7 13.Qf5 Rae8 14.Bf4 Bc8 15.Rfd1 Qxb2
16.Rab1 Qf6 17.Qxf6 Bxf6 18.Nd2 Be7 19.f3 d6 20.Rb6 Ne5 21.Bd5 Rd8 22.Bxe5 dxe5
23.Nc4 Bf6 24.Kf2 Be6 25.Rxa6 Bxd5 26.exd5 Ra8 27.Rxa8 Rxa8 28.a3 Ra4 29.Rc1 Kf8
30.Ke2 Ke8 31.Kd3 Bd8 32.Re1 f6 33.f4 e4+ 34.Rxe4+ Kf8 35.Re1 Ra7 36.Rb1 Rd7
37.d6 Kf7 38.Ke4  1-0

[Event "New York State-ch"]
[Site "New York"]
[Date "1991.??.??"]
[Round "3"]
[White "Benjamin, Joel"]
[Black "Braun, Leslie"]
[Result "1-0"]
[WhiteElo "2555"]
[BlackElo "2290"]

1.e4 Nf6 2.e5 Nd5 3.d4 d6 4.Nf3 Bg4 5.Be2 c6 6.c4 Nb6 7.Ng5 Bf5 8.e6 fxe6
9.Bg4 Qd7 10.O-O Na6 11.b3 g6 12.Re1 Nc7 13.Bb2 h6 14.Bxf5 exf5 15.d5 Rg8
16.Ne6 Nxe6 17.dxe6 Qc7 18.a4 O-O-O 19.a5 Na8 20.a6 b6 21.Qf3 Bg7 22.Bxg7 Rxg7
23.Nc3 Kb8 24.b4 Rf8 25.Ne2 Rc8 26.c5 bxc5 27.bxc5 dxc5 28.Qc3 Rgg8 29.Qxc5 Qb6  1-0

[Event "New York State-ch"]
[Site "New York"]
[Date "1991.??.??"]
[Round "5"]
[White "Benjamin, Joel"]
[Black "Shirazi, Kamran G"]
[Result "1/2-1/2"]
[WhiteElo "2555"]
[BlackElo "2390"]

1.d4 Nf6 2.c4 g6 3.Nc3 Bg7 4.e4 d6 5.f3 O-O 6.Be3 e5 7.d5 Nh5 8.Qd2 Qh4+
9.Bf2 Qf4 10.g4 Qxd2+ 11.Kxd2 Nf4 12.Nb5 Na6 13.Ne2 Nxe2 14.Bxe2 f5 15.gxf5 gxf5
16.Be3 Bd7 17.Rhg1 Kh8 18.Rab1 Rf6 19.b4 Bh6 20.a3 Bxe3+ 21.Kxe3 Rh6 22.Rg2 fxe4
23.fxe4 c5 24.dxc6 Bxc6 25.Rf1 Bxb5 26.cxb5 Nc7 27.Bc4 d5 28.exd5 Rh4 29.Rc1 Ne8
30.Be2 Nf6 31.Rd1 Rd8 32.d6 Rh3+ 33.Rg3 Rxh2 34.Bf3 b6 35.Bc6 Ra2 36.Rd3 h5
37.Rg6 Ng4+ 38.Rxg4 hxg4 39.Ke4 g3 40.Kxe5 Re2+ 41.Be4 Re8+ 42.Kd5 R2xe4
43.d7 R8e5+ 44.Kc6 Re6+ 45.Kd5 R6e5+ 46.Kc6 Re6+ 47.Kc7 Re7 48.Kb8 Rxd7 49.Rxd7 g2
50.Rd1 Re7 51.Rg1 Rg7 52.a4 Kh7 53.a5 bxa5 54.bxa5 Rg5 55.b6 axb6 56.axb6 Rb5
57.b7 Rb2 58.Rc1 Rf2 59.Ka7 Rf1 60.Rc7+ Kg6 61.Rc6+ Kf7 62.Rc7+ Ke6 63.Rg7 g1=B+
64.Rxg1 Rxg1 65.b8=Q  1/2-1/2

[Event "Philadelphia World op"]
[Site "Philadelphia"]
[Date "1991.??.??"]
[Round "?"]
[White "Ardaman, Miles"]
[Black "Benjamin, Joel"]
[Result "1/2-1/2"]
[WhiteElo "2405"]
[BlackElo "2540"]

1.e4 e6 2.d3 d5 3.Nd2 Nf6 4.Ngf3 Nc6 5.c3 a5 6.a4 e5 7.Be2 Bc5 8.Nxe5 Bxf2+
9.Kxf2 Nxe5 10.exd5 Qxd5 11.Re1 O-O 12.Nf3 Neg4+ 13.Kg1 Re8 14.Bf4 Nh5 15.Bd2 Qd6
16.d4 Bd7 17.Bc4 Rxe1+ 18.Qxe1 Re8 19.Qh4 Nhf6 20.h3 Ne3 21.Bxe3 Rxe3 22.Ne5 Be6
23.Qf2 Re4 24.Bd3 Rxe5 25.dxe5 Qxe5 26.Rd1 b6 27.Bb5 h5 28.Qd4 Qxd4+ 29.Rxd4 Kf8
30.Bc6 Bb3 31.Kf2 Ke7 32.Ke3 g5 33.g3 Be6 34.h4 Ng4+ 35.Kd2 Ne5 36.Bd5 gxh4
37.gxh4 Bg4 38.b4 c5 39.bxc5 bxc5 40.Re4 Kd6 41.c4 Bd7 42.Rf4 f5 43.Rf1 Ng6
44.Rg1 Nxh4 45.Rh1 Ng2 46.Rxh5 Nf4 47.Rh6+ Ke5 48.Bf7 Bxa4 49.Ra6 Kd4 50.Rxa5 Bc6
51.Ra6 Be4 52.Rd6+ Ke5 53.Rd8 Kf6 54.Bg8 Ke5 55.Ke3 Ng2+ 56.Kf2 Nf4 57.Kg3 Nd3
58.Bd5 f4+ 59.Kg4 Bxd5 60.cxd5 c4 61.d6 Ke6  1/2-1/2

[Event "Philadelphia World op"]
[Site "Philadelphia"]
[Date "1991.??.??"]
[Round "3"]
[White "West, James R"]
[Black "Benjamin, Joel"]
[Result "0-1"]
[WhiteElo "2235"]
[BlackElo "2540"]

1.e4 g6 2.d4 Bg7 3.Nc3 d6 4.f4 Nc6 5.Be3 Nf6 6.h3 e6 7.g4 O-O 8.Nf3 b6 9.a3 Bb7
10.Bd3 Ne7 11.Qd2 c5 12.O-O-O Rc8 13.dxc5 bxc5 14.Qe2 c4 15.Bxc4 Nxe4 16.Nxe4 Bxe4
17.Bd3 Bxf3 18.Qxf3 Nd5 19.Be4 Nxe3 20.Qxe3 d5 21.g5 Qc7 22.Bd3 Rb8 23.Kd2 Rxb2
24.Rb1 Ra2 25.Rb3 Rc8 26.Rhb1 Bf8 27.Ke2 Rxa3 28.Rb7 Qd8 29.Kd1 Ra4 30.Qe5 Bd6
31.Qb2 Rxf4 32.Rxa7 Qxg5 33.Qb6 Bc5 34.Qb7 Qg1+ 35.Kd2 Be3+  0-1

[Event "Philadelphia World op"]
[Site "Philadelphia"]
[Date "1991.??.??"]
[Round "4"]
[White "Benjamin, Joel"]
[Black "Anderson, Renard"]
[Result "1-0"]
[WhiteElo "2540"]
[BlackElo "2260"]

1.d4 Nf6 2.c4 c5 3.d5 b5 4.cxb5 a6 5.b6 Qxb6 6.Nc3 g6 7.a4 a5 8.e4 d6 9.Bb5+ Nfd7
10.Nf3 Bg7 11.Bg5 h6 12.Bh4 Ba6 13.Qe2 Bxb5 14.axb5 Qd8 15.O-O O-O 16.Ra3 Re8
17.Rfa1 Qc7 18.Bg3 Rc8 19.h3 c4 20.Kh2 Nb6 21.e5 N8d7 22.e6 Nc5 23.exf7+ Kxf7
24.Re1 Qd7 25.Ne4 Nd3 26.Rxd3 cxd3 27.Qxd3 Qf5 28.Nh4 Qxd5 29.Nxd6+ Kg8 30.Qxg6 Qg5
31.Qe6+ Kh7 32.Nxc8 Nxc8 33.Qe4+  1-0

[Event "Philadelphia World op"]
[Site "Philadelphia"]
[Date "1991.??.??"]
[Round "6"]
[White "Benjamin, Joel"]
[Black "Ivanov, Alexander"]
[Result "1/2-1/2"]
[WhiteElo "2540"]
[BlackElo "2565"]

1.Nf3 Nf6 2.c4 b6 3.Nc3 Bb7 4.d4 e6 5.Bg5 Be7 6.Qc2 h6 7.Bh4 c5 8.dxc5 bxc5
9.Rd1 O-O 10.e3 Nh5 11.Bxe7 Qxe7 12.Be2 Nc6 13.O-O Nf6 14.Rd2 Rfd8 15.Rfd1 d6
16.b3 a6 17.Ne1 Ne5 18.Nd3 Ng6 19.Ne1 Ne5 20.Nd3 Ng6 21.Ne1 Ne5  1/2-1/2

[Event "San Francisco"]
[Site "San Francisco"]
[Date "1991.??.??"]
[Round "3"]
[White "Tal, Mihail"]
[Black "Benjamin, Joel"]
[Result "1/2-1/2"]
[WhiteElo "2570"]
[BlackElo "2555"]

1.Nf3 c5 2.c4 Nf6 3.g3 b6 4.Bg2 Bb7 5.O-O Nc6 6.Nc3 e6 7.d4 Nxd4 8.Nxd4 Bxg2
9.Kxg2 cxd4 10.Qxd4 Be7 11.b3 O-O 12.Bb2 Qc7 13.Rfd1 Rfd8 14.Qd3 Qb7+ 15.Qf3 Qxf3+
16.Kxf3 d6 17.Nb5  1/2-1/2

[Event "San Francisco"]
[Site "San Francisco"]
[Date "1991.??.??"]
[Round "7"]
[White "Christiansen, Larry Mark"]
[Black "Benjamin, Joel"]
[Result "0-1"]
[WhiteElo "2590"]
[BlackElo "2555"]

1.d4 Nf6 2.c4 e6 3.Nf3 b6 4.e3 Bb7 5.Bd3 d5 6.cxd5 exd5 7.Nc3 Bd6 8.Nb5 Be7
9.Bd2 O-O 10.O-O c5 11.Ne5 Nc6 12.Nxc6 Bxc6 13.Nc3 Bd6 14.Qf3 Re8 15.Rad1 cxd4
16.exd4 Ne4 17.Be3 Qd7 18.Bc2 Rac8 19.Bb3 a5 20.g3 Bb4 21.Nxe4 dxe4 22.Qh5 g6
23.Qg5 Bb5 24.a3 Be7 25.Qf4 Bd6 26.Bxf7+ Qxf7 27.Qxd6 Rc6 28.Qf4 Bxf1 29.Rxf1 Qxf4
30.Bxf4 Rd8 31.Rd1 Rd5 32.Rd2 Kf7 33.Kf1 Ke6 34.Ke2 Rd7 35.f3 Kd5 36.Ke3 Re7
37.Be5 exf3 38.Kxf3 Rf7+ 39.Kg4 Rf5 40.h3 b5 41.Rd3 Rc2 42.b3 Re2 43.Kh4 Rh5+
44.Kg4 Rf5 45.Kh4 Rh5+ 46.Kg4 Re4+ 47.Bf4 Rf5 48.Rc3 Kxd4 49.Rc6 h5+ 50.Kf3 Re3+
51.Kg2 Rxb3 52.Rd6+ Rd5 53.Rxg6 Rxa3 54.h4 b4 55.Rb6 Kc4 56.Kh3 Rad3  0-1

[Event "San Francisco"]
[Site "San Francisco"]
[Date "1991.??.??"]
[Round "8"]
[White "Benjamin, Joel"]
[Black "Ftacnik, Lubomir"]
[Result "0-1"]
[WhiteElo "2555"]
[BlackElo "2590"]

1.d4 Nf6 2.Nf3 g6 3.Bg5 Bg7 4.Nbd2 d5 5.e3 O-O 6.Be2 c5 7.c3 Qb6 8.Qb3 Nc6
9.O-O Bf5 10.Qa3 Nd7 11.dxc5 Qxc5 12.Qxc5 Nxc5 13.Nd4 Nxd4 14.cxd4 f6 15.Bh4 Na4
16.g4 Be6 17.Rfc1 Rac8 18.b3 Nc3 19.Bf3 b6 20.Kg2 h5 21.h3 hxg4 22.hxg4 g5
23.Bg3 f5 24.gxf5 Bxf5 25.Kf1 Kf7 26.Ke1 Ke6 27.Bg2 Rh8 28.Nf3 Ne4 29.Be5 Bf6
30.Bxf6 exf6 31.Nd2 Nxd2 32.Kxd2 Rxc1 33.Rxc1 Rh2 34.Rc6+ Ke7 35.Bxd5 Rxf2+
36.Ke1 Rxa2 37.e4 Bd7 38.Rc7 Kd6 39.Rb7 g4 40.Rb8 g3  0-1

[Event "San Francisco"]
[Site "San Francisco"]
[Date "1991.??.??"]
[Round "10"]
[White "Benjamin, Joel"]
[Black "Grefe, John A"]
[Result "1-0"]
[WhiteElo "2555"]
[BlackElo "2385"]

1.d4 Nf6 2.c4 g6 3.Nc3 Bg7 4.e4 d6 5.f3 O-O 6.Nge2 c6 7.Bg5 a6 8.Qd2 b5 9.h4 h5
10.Ng3 Nbd7 11.O-O-O c5 12.Bh6 Bxh6 13.Qxh6 cxd4 14.Rxd4 Ne5 15.c5 Be6 16.cxd6 Rc8
17.Kb1 exd6 18.Qd2 Bc4 19.f4 b4 20.Na4 Bxf1 21.fxe5 Bb5 22.exf6 Bxa4 23.Rxd6 Qc7
24.Qh6  1-0

[Event "San Francisco"]
[Site "San Francisco"]
[Date "1991.??.??"]
[Round "11"]
[White "Wolff, Patrick G"]
[Black "Benjamin, Joel"]
[Result "1-0"]
[WhiteElo "2520"]
[BlackElo "2555"]

1.e4 e6 2.d4 d5 3.Nd2 c5 4.Ngf3 Nc6 5.exd5 exd5 6.Bb5 Bd6 7.dxc5 Bxc5 8.O-O Ne7
9.Nb3 Bd6 10.Re1 O-O 11.Bd3 h6 12.h3 Nf5 13.c3 Qf6 14.Bc2 Be6 15.Qd3 Rfe8
16.Bd2 g6 17.Re2 Bf8 18.Rae1 Nd6 19.Nbd4 Ne4 20.Nxe6 Rxe6 21.Bb3 Nxd2 22.Qxd2 Rd6
23.Re8 Rxe8 24.Rxe8 Kg7 25.Bxd5 b5 26.Re3 Qf5 27.c4 bxc4 28.Qc3+ Qf6 29.Qxf6+ Kxf6
30.Bxc4 Rd1+ 31.Re1 Rxe1+ 32.Nxe1 Ne5 33.Bd5 Bc5 34.Kf1 Ke7 35.f4 Nd7 36.Ke2 Bd4
37.b3 Nb6 38.Be4 Kd6 39.Nf3 Bb2 40.Kd3 Nd7 41.b4 Ba3 42.Kc3 Bc1 43.g3 Nf6
44.Kd3 Nh5 45.Ne5 Nxg3 46.Nxf7+ Kc7 47.Nxh6 Bxf4 48.Ng4 Kb6 49.Bxg6 Kb5 50.Ne3 Bg5
51.Nc2 a5 52.a4+ Kb6 53.b5 Nf1 54.Bf7 Ng3 55.Ne3 Kc5 56.Nc4 Bd8 57.Bg6 Nh1
58.Kc3 Nf2 59.Bf5 Nd1+ 60.Kb3 Nf2 61.b6 Kc6 62.Kc3 Bf6+ 63.Kd2 Kb7 64.Ke2 Bh4
65.Kf3 Kc6 66.Be4+  1-0

[Event "Buenos Aires"]
[Site "Buenos Aires"]
[Date "1992.??.??"]
[Round "?"]
[White "Rubinetti, Jorge A"]
[Black "Benjamin, Joel"]
[Result "0-1"]
[WhiteElo "2450"]
[BlackElo "2555"]

1.d4 Nf6 2.Nf3 g6 3.Bf4 Bg7 4.e3 d6 5.h3 O-O 6.c3 c5 7.dxc5 dxc5 8.Qxd8 Rxd8
9.Nbd2 Nc6 10.Bc7 Rd7 11.Bh2 b6 12.Bb5 Bb7 13.Ke2 a6 14.Ba4 b5 15.Bc2 b4
16.e4 a5 17.Rhd1 a4 18.a3 Ba6+ 19.Ke1 b3 20.Bb1 Rad8 21.e5 Nd5 22.Be4 Na5
23.e6 fxe6 24.Ne5 Bxe5 25.Bxe5 Nf6 26.Bf3 Rxd2 27.Rxd2 Rxd2 28.Bxf6 Rxb2
29.Bxe7 Bd3  0-1

[Event "Buenos Aires"]
[Site "Buenos Aires"]
[Date "1992.??.??"]
[Round "?"]
[White "Szmetan, Jorge"]
[Black "Benjamin, Joel"]
[Result "1-0"]
[WhiteElo "2400"]
[BlackElo "2555"]

1.e4 c5 2.Nf3 Nc6 3.Bb5 d6 4.O-O Bd7 5.c3 a6 6.Bxc6 Bxc6 7.Re1 Nf6 8.d4 Bxe4
9.Bg5 d5 10.dxc5 e6 11.b4 Bxf3 12.Qxf3 Be7 13.Nd2 O-O 14.a3 h6 15.Bf4 Qd7
16.Be5 Rfd8 17.Qh3 Nh7 18.Bd4 Nf8 19.f4 f6 20.Re3 Re8 21.Rae1 Bd8 22.Rg3 Kh7
23.Rge3 Bc7 24.g3 Qf7 25.Nf3 Kg8 26.Qf1 Re7 27.Qe2 Qh5 28.Nh4 Qxe2 29.R1xe2 Kf7
30.Nf3 Nd7 31.Re1 Rae8 32.R3e2 g5 33.Be3 e5 34.fxe5 fxe5 35.Bf2 Nf6 36.Kg2 Kg6
37.c6 Ne4 38.cxb7 Nxc3 39.Rc2 d4 40.Nxd4 exd4 41.Rxe7 Rxe7 42.Bxd4 Re2+ 43.Rxe2 Nxe2
44.Bb2 Kf5 45.Kf2 Nxg3 46.hxg3 h5 47.Bd4 Bb8 48.Kf3 g4+ 49.Kf2 Ke4 50.Be3 Kf5
51.Kg2  1-0